| 000 | 00472nam a22001937a 4500 | ||
|---|---|---|---|
| 003 | OSt | ||
| 005 | 20250304154440.0 | ||
| 008 | 230809b |||||||| |||| 00| 0 eng d | ||
| 020 | _a9788120302167 | ||
| 040 | _cChuka University | ||
| 050 |
_aBJ 1012 _b.F73 1973 |
||
| 100 |
_aFrankena William K _911817 |
||
| 245 | _aEthics/ | ||
| 250 | _a2nd ed | ||
| 260 |
_aUSA _bPEARSON EDUCATION _c1973 |
||
| 300 | _a125p. | ||
| 650 |
_aEthics _98513 |
||
| 942 |
_2lcc _cBK _n0 _03 |
||
| 999 |
_c15141 _d15141 |
||